| 000 | 00616nam a2200205 i 4500 | ||
|---|---|---|---|
| 001 | 131914 | ||
| 003 | ES-MaACL | ||
| 005 | 20230906194054.0 | ||
| 007 | t| | ||
| 008 | 070214s1974 sp r ||||1| spa d | ||
| 100 | 1 |
_aRodríguez Mourullo, Gonzalo. _998692 |
|
| 245 | 1 | 0 |
_aPresente y futuro del delito fiscal / _cGonzalo Rodríguez Mourullo. |
| 260 |
_aMadrid : _bRevista de Occidente, _c1974. |
||
| 300 |
_a100 p. ; _c18 cm. |
||
| 490 | 1 | _aCuadernos Cívitas | |
| 650 | 0 | 4 |
_aDelitos fiscales- _zEspaña. _911562 |
| 830 | 1 |
_aCuadernos Cívitas _9179683 |
|
| 852 |
_aES-MaACL _jE-7363 |
||
| 999 |
_c131914 _d131914 |
||